| 000 | 00660nam a2200217Ia 4500 | ||
|---|---|---|---|
| 003 | OSt | ||
| 005 | 20250210145445.0 | ||
| 008 | 210210b2000 xxu||||| |||| 00| 0 eng d | ||
| 020 | _a8185728 75 5 | ||
| 040 | _cAL | ||
| 041 | _aKannada | ||
| 082 | _aK894.2 GIRT | ||
| 100 |
_aGIRISHA KARNADA. _9134536 _dಗಿರೀಶ್ ಕಾರ್ನಾಡ್. |
||
| 245 |
_aTipu Sultana kanda kanasu. _bಟಿಪ್ಪು ಸುಲ್ತಾನ್ ಕಂಡ ಕನಸು |
||
| 260 |
_aDharavada _bManohara Granthamala _c2000 |
||
| 300 | _aviii,86 | ||
| 650 |
_aNataka Tipu Sultana _9134537 |
||
| 690 |
_aKannada Drama _9134538 |
||
| 906 | _aSG03395 | ||
| 942 |
_2ddc _cBK |
||
| 999 |
_c114411 _d114411 |
||